El conde Lucanor

Збережено в:
Бібліографічні деталі
Автор: Juan Manuel (Автор)
Формат: Книга
Мова:Іспанська
Опубліковано: Buenos Aires Sopena 1957
Редагування:4a. ed
Серія:Biblioteca mundial Sopena
Предмети:
Теги: Додати тег
Немає тегів, Будьте першим, хто поставить тег для цього запису!

MARC

LEADER 00000nam a2200000 a 4500
001 UCX5381
003 CL-VaPUC
008 921105e19570000AG |||||||||||||||||spa|d
082 0 4 |a 863  |b JUA  |2 21 
100 0 |a Juan Manuel  |e author  |9 318804 
245 1 3 |a El conde Lucanor 
250 |a 4a. ed 
300 |a 223 p 
942 |c BK 
945 |d 19921105 00:00:00 
260 |a Buenos Aires  |b Sopena  |c 1957 
650 0 |a Novelas españolas  |9 265052 
583 |a last modification  |c 19921105 00:00:00  |k Rodrigo Vera 
490 0 |a Biblioteca mundial Sopena 
999 |c 225640  |d 225638 
952 |0 0  |1 0  |4 0  |6 863_000000000000000_JUA_1957  |7 0  |8 A  |9 223354  |a BIBEDU  |b BIBEDU  |d 2019-11-15  |i 2921863  |o 863 JUA 1957  |p 2921863  |r 2019-11-15  |w 2019-11-15  |y BK  |k LIT